PEANUTS Characters - Statistics

General Stats
  • This quiz has been taken 37 times
    25 since last reset
  • The average score is 18 of 59
Answer Stats
Hint Answer % Correct
"5 Cents, please!" Lucy
100%
Definitely not a "normal dog" Snoopy
96%
Good Ol' ____ ___ Charlie Brown
92%
A true believer in the Great Pumpkin Linus
88%
Tom-boy, "Chuck" Peppermint Patty
88%
"Isn't he the cutest thing?" Sally
83%
Ahh...Beethoven Schroeder
79%
Introduced in 1969, broke the racial barrier in PEANUTS Franklin
75%
"Sir, what time is lunch?" Marcie
75%
Youngest van Pelt, a second-coming of Lucy's hated brother Rerun
67%
First one to call Charlie a blockhead Violet
67%
Friend of friends Woodstock
63%
Lives with the coyotes Spike
58%
The only girl in the original trio Patty
54%
He carries the dust of ancient civilizations Pig-Pen
54%
She has naturally curly red hair and is a conversationalist Frieda
50%
Rolly-polly brother of Snoopy Olaf
42%
"How I hate him!" Shermy
42%
Snoopy's long-lost sister who lives in Kansas City Belle
38%
A feminized Charlie Brown Charlotte Braun
29%
Bus buddy of Sally, wears trademark beanie Eudora
29%
The cat of above character Faron
25%
Hark the ___ ___ sing! Harold Angel
25%
Cookies-and-cream type beagle, brother of Snoopy Marbles
25%
"Brownie Charles!" Peggy Jean
25%
Charlie Brown's dance partner Emily
21%
Master of marbles Joe Agate
21%
The camp friend of Charlie Brown Roy
21%
Final seen brother of Snoopy Andy
17%
Aggressive tennis teammate Molly Volley
17%
Her dad is in licensing Tapioca Pudding
17%
Conrad, Olivier, Harriet, Bill, Fred, Roy, Wilson, Woodstock, Raymond Beagle Scouts
13%
"Crybaby" ____ Boobie
13%
Mexican-Swedish Rookie of the Year Jose Peterson
13%
See: oversized-helmet, new baseball team, "Mr. Brown" Leland
13%
"Would you like some Girl Scout cookies?" Loretta
13%
Snoopy and Linus vie for her eye Truffles
13%
95472 5, 4, 3
8%
The son of above Belle's Son
8%
"I plan to grow" Conrad
8%
Great Gatsby fanatic, has a crush on Sally Larry
8%
Snoopy's first owner Lila
8%
"Most older people like vanilla!" Lydia
8%
"WAAH-WAAH-WAA" Mrs. Othmar
8%
Her life is ruined Royanne
8%
They take a fugitive Charlie Brown in and he becomes their manager/coach The Goose Eggs
8%
Is a sexist and hates girls playing baseball Thibault
8%
Patty's tutor, Marcie's cousin Cousin Maynard
4%
Has very strong opinions Ethan
4%
Saves Spike in town Naomi
4%
Broke Snoopy's heart Poochie
4%
Argues with every call. EVER. "Badcall" Benny
0%
BONUS: Hero behind all these kids and characters (1922-2000) Charles M. "Sparky" Schulz
0%
Peppermint Patty's swim students Clara, Shirley, and Sophie
0%
"Lambcake" Floyd
0%
The Six Bunnie-Wunnies Helen Sweetstory
0%
Spike's most trusted friend Joe Cactus
0%
Patty couldn't hit him at the first tee--it would be rude Joe Richkid
0%
Ex-Manager of the Waffletown Syrups, Charlie Brown's baseball hero Joe Shlabotnik
0%
No matching quizzes found
Score Distribution
Percent of People with Each Score
Percentile by Number Answered
Your Score History
You have not taken this quiz since the last reset